LEADER 00887naa a2200217 u 4500 001 000000093739 003 CaOOAMICUS 005 20070226130135.0 008 010716s1970 fr u000 u eng u 035 $a10897433 040 $aPUL(R)$bita 100 1 $aBriggs, Herbert W.,$d1900-$0(OLS)http://pul/name/60203 245 10$aReflections on the codification of International Law Commission and by other agencies /$cby Herbert W. Briggs. 260 $a[S. l. :$bs. n.],$c1970. 300 $aP. [233-316] 504 $aBibliografia in nota. 650 4$aDiritto internazionale.$0(OLS)http://pul/subject/2505 773 0 $tRecueil des cours$gv.I (1969) 773 0 $tRecueil des cours 1969$w()60153 996 $6245$aReflections on the codification of International Law Commission and by other agencies$9(OLS)http://pul/title/120599 996 $6260$a[S. l. :$bs. n.]$9(OLS)http://pul/publisher/47882 LEADER 02023nam a2200373 u 4500 001 000000053441 003 CaOOAMICUS 005 20070226115548.0 008 001115s1999 ci u000 u eng u 035 $a10861342 040 $aPUL$bita 100 1 $aSzklarek, Jacek.$0(OLS)http://pul/name/38037 245 14$aThe relevance of language education in the age of new media technologies :$ba critical re-evaluation of Walter Ong's, Jacques Ellul's and Neil Postman's communication system /$cJacek Szklarek. 260 $aRome :$b[s.n.],$c1999. 300 $a66 p. ;$c24 cm 490 1 $aUniversità pontificia salesiana. Facoltà di scienze della comunicazione sociale. Tesi di dottorato ;$v416 500 $aEstratto di Diss. -- Pontificia Università salesiana. 504 $a"Bibliography": p. 38-64. 600 14$aOng, Walter J.,$cS.I.$0(OLS)http://pul/subject/22075 600 14$aEllul, Jacques,$d1912-1994.$0(OLS)http://pul/subject/22022 600 14$aPostman, Neil.$0(OLS)http://pul/subject/22076 650 4$aInformazione.$0(OLS)http://pul/subject/20761 650 4$aComunicazione.$0(OLS)http://pul/subject/4540 710 2 $aPontificia Università Salesiana.$0(OLS)http://pul/name/7805 830 0$aTesi di dottorato (Pontificia Università salesiana. Facoltà di scienze della comunicazione sociale) ;$vn. 416.$0(OLS)http://pul/title/71701 850 $aPUL 852 $aPUL$W1$xDP1 Tesi Pon. Univ. Salesiana$y46$mTH SAL 416$j70514$nBK-PRI$b $qTesi$B70514$CPULBib$Z2$F70514 $H $81 910 $aPontificio Ateneo Salesiano$97805 910 $aPontificio Ateneo Salesiano$97805 910 $aUniversità Pontificia Salesiana$97805 941 1 $a16 961 $aINV: 82740 996 $6245$aThe relevance of language education in the age of new media technologies :$ba critical re-evaluation of Walter Ong's, Jacques Ellul's and Neil Postman's communication system$9(OLS)http://pul/title/71704 996 $6260$aRome :$b[s.n.]$9(OLS)http://pul/publisher/52450